01684cam a22004937a 45000010008000000030004000080050017000120060019000290070015000480080041000630150019001040150021001230160018001440200038001620280013002000350026002130380012002390400082002510420027003330500024003600500011003840820026003950840014004210840016004350840016004510840017004671000022004842100039005062450090005452600050006355040041006855060043007265630014007696500039007836500033008226500036008556500024008916500024009156500026009397000021009657000022009867730050010088560132010588574365OSt20211021104759.0m d cr n 090806s2010 gw a sb 000 0 eng d aGBA9A96322bnb a09,N43,00282dnb7 a0154160512Uk a9783642025341 (hbk. : alk. paper)52a12557622 a(WaSeSS)ssj0000440079 aKhadija aUKMbengcUKMdBWXdTEFdYDXCPdDEBBGdBTCTAdMUUdOCLdOHXdOCLdDLCdWaSeSS aukblcatcopyalccopycat 4aQA76.87b.K885 2010 4aTK787504a621.38102856222bKUS a0042sdnb aST 3012rvk aST 3302rvk aZN 37002rvk1 aKussulʹ, Ė. M.10aNeural networks and micromechanics10aNeural networks and micromechanics /cErnst Kussul, Tatiana Baidyk, Donald C. Wunsch. aHeidelberg ;aNew York :bSpringer,cc2010. aIncludes bibliographical references. aLicense restrictions may limit access. aHardcover 0aNeural networks (Computer science) 0aPattern recognition systems. 0aMicroelectromechanical systems.07aBilderkennung.2swd07aMikromechanik.2swd07aNeuronales Netz.2swd1 aBaidyk, Tatiana.1 aWunsch, Donald C. 0tSpringerLink ebooks - Computer Science (2010)40uhttp://www.columbia.edu/cgi-bin/cul/resolve?clio8574365zFull text available from SpringerLink ebooks - Computer Science (2010)